Encyclopedia of soils in the environment

Αποθηκεύτηκε σε:
Λεπτομέρειες βιβλιογραφικής εγγραφής
Άλλοι συγγραφείς: Hillel, Daniel (Επιμελητής έκδοσης), Hatfield, Jerry L. (Επιμελητής έκδοσης)
Μορφή: Βιβλίο
Γλώσσα:English
Δημοσίευση: Oxford, UK : Elsevier/Academic Press, 2005
Θέματα:
Ετικέτες: Προσθήκη ετικέτας
Δεν υπάρχουν, Καταχωρήστε ετικέτα πρώτοι!

MARC

LEADER 00000cam a2200000 i 4500
001 1/9726
008 100723s2005 eng d
020 |a 0-12-348530-4 (set) 
020 |a 0-12-348531-2 (τ.1) 
020 |a 0-12-348532-0 (τ.2) 
020 |a 0-12-348533-9 (τ.3) 
020 |a 0-12-348534-7 (τ.4) 
035 |l 10108750 
040 |a GR-MY-UA  |b gre  |e aacr 
041 0 |a eng 
082 0 |a 631.403  |2 (22) 
245 1 0 |a Encyclopedia of soils in the environment /  |c editor-in-chief Daniel Hillel ; editors Jerry L. Hatfield ... [κ.ά.] 
260 |a Oxford, UK :   |b Elsevier/Academic Press,   |c 2005 
300 |a 4τ.;  |b εικ. (μερ. έγχρ.), χάρτες (μερ. έγχρ.);  |c 28 εκ. 
504 |a Περιέχει βιβλιογραφικές παραπομπές και ευρετήριο 
505 0 |a T.1. A-Faτ.2. Fe-Mτ.3. N-Spaτ.4. Spa-Z 
650 0 0 |a Soils  |x Environmental aspects  |z Encyclopedias. 
650 0 0 |a Soils  |x Encyclopedias. 
650 0 0 |a Soil science  |x Encyclopedias. 
650 0 0 |a Soil management  |x Encyclopedias. 
650 0 0 |a Crops and soils  |x Encyclopedias. 
700 1 |a Hillel, Daniel.  |4 edt 
700 1 |a Hatfield, Jerry L.  |4 edt 
852 |a INST  |b LESVOS  |e 20100723  |h 631.403 ENC  |p 005100048264  |q 005100048264  |t REF  |y 23  |z τ.1 
852 |a INST  |b LESVOS  |e 20100723  |h 631.403 ENC  |p 005100048265  |q 005100048265  |t REF  |y 23  |z τ.2 
852 |a INST  |b LESVOS  |e 20100723  |h 631.403 ENC  |p 005100048266  |q 005100048266  |t REF  |y 23  |z τ.3 
852 |a INST  |b LESVOS  |e 20100723  |h 631.403 ENC  |p 005100048267  |q 005100048267  |t REF  |y 23  |z τ.4 
852 |a INST  |b LESVOS  |e 20100723  |h 631.403 ENC  |p 005100048264  |q 005100048264  |t REF  |v τ.1:  |y 23  |z τ.1 
852 |a INST  |b LESVOS  |e 20100723  |h 631.403 ENC  |p 005100048265  |q 005100048265  |t REF  |v τ.2:  |y 23  |z τ.2 
852 |a INST  |b LESVOS  |e 20100723  |h 631.403 ENC  |p 005100048266  |q 005100048266  |t REF  |v τ.3:  |y 23  |z τ.3 
852 |a INST  |b LESVOS  |e 20100723  |h 631.403 ENC  |p 005100048267  |q 005100048267  |t REF  |v τ.4:  |y 23  |z τ.4 
853 |a INST  |b LESVOS  |h 631.403 ENC 
901 |a BIBL1-2010-2 
909 |a Λ  |b 166369 
909 |a Λ  |b 166370 
909 |a Λ  |b 166371 
909 |a Λ  |b 166372 
970 |a ΓΙΑΛΑΜΑ  |b ΜΑΡΙΑ  |z 2010/07/23